00462nam a2200157Ia 450000500170000000800410001708200130005810000190007124500290009026000430011930000120016265000100017494200060018495200990019099900150028920250508061826.0240331s9999 xx 000 0 und d bTHAa891 aThamaraichelvi 0aVeethiyellam thoranangal aNarehenpitiyabMeera Pathippagamc2003 a84 p ., aNovel cL 001040708LaWERCLbWERCLcSSCd2024-03-31l0o 894.811 THAp4938r2024-03-31w2024-03-31yL c4329d4329